00690nam a22002177a 450000500170000001000130001702000230003003500130005303700160006604000120008208200180009424501290011226000340024127000470027530000270032265000370034965000340038670000170042070000180043770000170045520170124110143.0 aB-181170 c400.00a8174790586 aB-181170 bCen Lib/Ret aDPLbEN a632.1095bENV aEnvironment and sustainable development :cedited by K.R.G.Nair, G.S.Roonwal [and] Yamini Guptbindo-canadian perspectives / aNew DelhibKaveri Booksc2002 a4697/5-21A, Ansari RoadbNew Delhie110002 axxii, 202p. c22cm(Hb) aSustainable development -- India aEnvironmental policy -- India aNair, K.R.G. aRoonwal, G.S. aGupt, Yamini